<?xml version="1.0" encoding="UTF-8"?>
<record
    xmlns:xsi="http://www.w3.org/2001/XMLSchema-instance"
    xsi:schemaLocation="http://www.loc.gov/MARC21/slim http://www.loc.gov/standards/marcxml/schema/MARC21slim.xsd"
    xmlns="http://www.loc.gov/MARC21/slim">

  <leader>01948njm a2200361Ia 4500</leader>
  <controlfield tag="001">64357</controlfield>
  <controlfield tag="003">IT-RoPAU</controlfield>
  <controlfield tag="005">20220918181139.0</controlfield>
  <controlfield tag="008">131025s9999    xx            000 0 und d</controlfield>
  <datafield tag="040" ind1=" " ind2=" ">
    <subfield code="a">IT-RoPAU</subfield>
  </datafield>
  <datafield tag="040" ind1=" " ind2=" ">
    <subfield code="c">IT-RoPAU</subfield>
  </datafield>
  <datafield tag="041" ind1=" " ind2=" ">
    <subfield code="a">ITALIANO</subfield>
  </datafield>
  <datafield tag="999" ind1=" " ind2=" ">
    <subfield code="c">101139</subfield>
    <subfield code="d">101139</subfield>
  </datafield>
  <datafield tag="999" ind1=" " ind2=" ">
    <subfield code="b">n.d.</subfield>
  </datafield>
  <datafield tag="100" ind1=" " ind2=" ">
    <subfield code="a">AA.VV.</subfield>
    <subfield code="9">794</subfield>
  </datafield>
  <datafield tag="100" ind1=" " ind2=" ">
    <subfield code="e">Autore musica</subfield>
    <subfield code="9">23393</subfield>
  </datafield>
  <datafield tag="100" ind1=" " ind2=" ">
    <subfield code="g">Codice autore musica SPICS: 12000</subfield>
    <subfield code="9">796</subfield>
  </datafield>
  <datafield tag="245" ind1=" " ind2=" ">
    <subfield code="a">Colore dei pensieri (Il)-Lp Cgd 20686</subfield>
  </datafield>
  <datafield tag="250" ind1=" " ind2=" ">
    <subfield code="a">1a ed.</subfield>
  </datafield>
  <datafield tag="260" ind1=" " ind2=" ">
    <subfield code="a">MILANO</subfield>
  </datafield>
  <datafield tag="260" ind1=" " ind2=" ">
    <subfield code="b">CGD - MESSAGGERIE MUSICALI</subfield>
    <subfield code="c">1987 [1a Ed.:1987 - Ed. Lingua Orig.: 1987]</subfield>
  </datafield>
  <datafield tag="300" ind1=" " ind2=" ">
    <subfield code="a">DISCO</subfield>
  </datafield>
  <datafield tag="300" ind1=" " ind2=" ">
    <subfield code="c">46 minuti (Testo:  pag.)</subfield>
  </datafield>
  <datafield tag="500" ind1=" " ind2=" ">
    <subfield code="a">Musica leggera. Canzone italiana. Cantautore.</subfield>
  </datafield>
  <datafield tag="505" ind1=" " ind2=" ">
    <subfield code="a">Per te domani (5:00) - Mai dire mai (5:00) - Santa Lucia (5:00) - Tu dov'eri (5:00) - Acqua della luna (5:00) - Citt&#xE0; di donne (5:00) - Non sei lei (5:00) - Io sto con te (5:00) - Siamo ancora sulla strada (5:00) - Dall'altra parte (6:00)</subfield>
  </datafield>
  <datafield tag="650" ind1=" " ind2=" ">
    <subfield code="a">LEGGERA ITALIAN [DISCHI]</subfield>
    <subfield code="e">Codice MATERIA SPICS: 9950</subfield>
    <subfield code="9">23160</subfield>
  </datafield>
  <datafield tag="700" ind1=" " ind2=" ">
    <subfield code="a">Pooh (I)</subfield>
    <subfield code="g">Codice interprete SPICS: 1186</subfield>
    <subfield code="e">Interprete</subfield>
    <subfield code="9">23394</subfield>
  </datafield>
  <datafield tag="700" ind1=" " ind2=" ">
    <subfield code="a">Negrini V.</subfield>
    <subfield code="g">Codice autore musica SPICS: 22466</subfield>
    <subfield code="e">Autore musica</subfield>
    <subfield code="p">Per te domani - Mai dire mai - Santa Lucia - Tu dov'eri - Acqua della luna - Citt&#xE0; di donne - Non sei lei - Dall'altra parte</subfield>
    <subfield code="9">23395</subfield>
  </datafield>
  <datafield tag="700" ind1=" " ind2=" ">
    <subfield code="a">Facchinetti C.</subfield>
    <subfield code="g">Codice autore testo/musica SPICS: 22465</subfield>
    <subfield code="e">Autore testo/musica</subfield>
    <subfield code="p">Per te domani - Tu dov'eri - Acqua della luna - Non sei lei - Siamo ancora sulla strada - Dall'altra parte</subfield>
    <subfield code="9">23396</subfield>
  </datafield>
  <datafield tag="700" ind1=" " ind2=" ">
    <subfield code="a">Battaglia Dody</subfield>
    <subfield code="g">Codice autore testo/musica SPICS: 22467</subfield>
    <subfield code="e">Autore testo/musica</subfield>
    <subfield code="p">Mai dire mai - Santa Lucia - Io sto con te</subfield>
    <subfield code="9">23397</subfield>
  </datafield>
  <datafield tag="700" ind1=" " ind2=" ">
    <subfield code="a">Canzian Red</subfield>
    <subfield code="g">Codice autore testo/musica SPICS: 22468</subfield>
    <subfield code="e">Autore testo/musica</subfield>
    <subfield code="p">Citt&#xE0; di donne</subfield>
    <subfield code="9">23398</subfield>
  </datafield>
  <datafield tag="700" ind1=" " ind2=" ">
    <subfield code="a">D'Orazio Stefano</subfield>
    <subfield code="g">Codice autore musica SPICS: 18193</subfield>
    <subfield code="e">Autore musica</subfield>
    <subfield code="p">Io sto con te - Siamo ancora sulla strada</subfield>
    <subfield code="9">23399</subfield>
  </datafield>
  <datafield tag="942" ind1=" " ind2=" ">
    <subfield code="c">MD</subfield>
    <subfield code="2">ddc</subfield>
  </datafield>
  <datafield tag="952" ind1=" " ind2=" ">
    <subfield code="0">0</subfield>
    <subfield code="1">0</subfield>
    <subfield code="4">0</subfield>
    <subfield code="6">64357_000000000000000</subfield>
    <subfield code="7">1</subfield>
    <subfield code="a">SPICS</subfield>
    <subfield code="b">SPICS</subfield>
    <subfield code="d">2013-10-25</subfield>
    <subfield code="l">0</subfield>
    <subfield code="o">64357</subfield>
    <subfield code="r">2013-10-25 00:00:00</subfield>
    <subfield code="w">2013-10-25</subfield>
    <subfield code="y">MD</subfield>
    <subfield code="z">Progr. Ins.: 15913 / N.Vol.: 1 / Copie: 1 - Copia rara: n.d. / date import: 01.01.2014 - By Epidotti, Trombetti, Vaglietti</subfield>
  </datafield>
</record>
